000
00276 a2200097 4500
090
_c
4134
_d
4134
100
_a
Carol Mccullough Dieter
245
_a
Oracle 8 Developer's Guide with Designer and Developer Tools
260
_a
IDG Books
_b
India
_c
1999
942
_a
NBS
_c
BK
_k
005.74 DIE
999
_c
346587
_d
346587